000 00516nam a2200205Ia 4500
005 20241216010838.0
008 190212s9999||||xx |||||||||||||| ||und||
082 _a860
_bT46
100 _aTHE BHAKTIVEDANTA BOOK TRUST
245 0 _aLA VIDA PROVIENE DE LA VIDA
250 _a0
260 _aMEXICO
_bTHE BHAKTIVEDANTA BOOK TR
_c1979
300 _a175 pag
_c18 cm
341 _h0
490 _v0
_a0
505 _aLETERATURA MEXICANA
541 _aC
_d28-Oct-99
_oSoles
650 _aLITERATURA
942 _cLIBRO
999 _c25623
_d25623